[Event "CAN/QC op"]
[Site "Montreal CAN"]
[Date "2002.07.15"]
[Round "4"]
[White "Beaulieu, Pierre"]
[Black "Brassard, Sylvain"]
[Result "1-0"]
[WhiteElo "2092"]
[BlackElo "1771"]
[PlyCount "131"]
[EventDate "2002.07.13"]
[EventType "swiss"]
[EventRounds "9"]
[EventCountry "CAN"]

1. d4 d5 2. e3 Nc6 3. Nf3 Nf6 4. Bd3 Bg4 5. Bb5 Bd7 6. c3 e6 7. Nbd2 Bd6 8. O-O
O-O 9. Re1 a6 10. Ba4 Ne4 11. Nf1 b5 12. Bc2 f5 13. Qd3 g5 14. b3 g4 15. N3d2
Ne7 16. Bb2 Ng6 17. Qe2 Qh4 18. g3 Qh5 19. f3 gxf3 20. Qxf3 Qg5 21. Qg2 h5 22.
Nf3 Qh6 23. Re2 Rf7 24. c4 c6 25. c5 Bc7 26. Kh1 Rg7 27. N1d2 h4 28. Qh3 Qh5
29. Bd1 Rh7 30. gxh4 Nxh4 31. Nxh4 Qxe2 32. Bxe2 Nf2+ 33. Kg2 Nxh3 34. Kxh3 Bd8
35. Ndf3 Be8 36. Rg1+ Kh8 37. Bc3 Bh5 38. Be1 Bg4+ 39. Kg3 Bxh4+ 40. Nxh4 Bxe2
41. Kf4 Rg7 42. Rxg7 Kxg7 43. Ke5 Kf7 44. Kd6 Rg8 45. Kxc6 Rg1 46. Ba5 Rg4 47.
Be1 f4 48. exf4 Rxf4 49. Bg3 Rxd4 50. Kd6 b4 51. c6 a5 52. Kc5 Rd2 53. Kb6 Rc2
54. c7 d4 55. Kb7 d3 56. Be1 d2 57. Bxd2 Ba6+ 58. Kxa6 Rxc7 59. Kxa5 Rc2 60.
Bxb4 Re2 61. Ba3 Re4 62. Nf3 Kf6 63. Nd2 Re2 64. Nc4 Rxa2 65. Kb4 Ra1 66. Kc5
1-0

[Event "CAN/QC op"]
[Site "Montreal CAN"]
[Date "2002.07.15"]
[Round "4"]
[White "Bluvshtein, Mark"]
[Black "Fernandez, John"]
[Result "1-0"]
[WhiteElo "2383"]
[BlackElo "2133"]
[PlyCount "103"]
[EventDate "2002.07.13"]
[EventType "swiss"]
[EventRounds "9"]
[EventCountry "CAN"]

1. d4 f5 2. c4 Nf6 3. Nc3 d6 4. Nf3 g6 5. g3 Bg7 6. Bg2 O-O 7. O-O Nc6 8. d5
Ne5 9. Nxe5 dxe5 10. e4 f4 11. gxf4 Nh5 12. f5 Nf4 13. Bxf4 exf4 14. Qf3 Be5
15. fxg6 hxg6 16. Bh3 Kg7 17. Bxc8 Qxc8 18. Ne2 Rf6 19. Kh1 Qh8 20. Rg1 Qh6 21.
Rg2 Rh8 22. Ng1 Rb6 23. Rb1 Rxb2 24. Rxb2 Bxb2 25. Qg4 Qh5 26. Nf3 Qxg4 27.
Rxg4 e5 28. dxe6 Re8 29. Rxf4 Rxe6 30. Ng5 Rf6 31. Rxf6 Kxf6 32. f4 c6 33. Kg2
b5 34. cxb5 cxb5 35. Kf3 b4 36. e5+ Ke7 37. Ne4 a5 38. Nc5 g5 39. Nd3 Bc3 40.
fxg5 a4 41. Ke4 b3 42. axb3 axb3 43. Kf5 b2 44. Nxb2 Bxb2 45. h4 Kf7 46. h5 Bc3
47. h6 Bb4 48. g6+ Kg8 49. Kf6 Bf8 50. g7 Bc5 51. Kg6 Bg1 52. h7# 1-0

[Event "CAN/QC op"]
[Site "Montreal CAN"]
[Date "2002.07.15"]
[Round "4"]
[White "Bolduc, Steve"]
[Black "Kekely, John"]
[Result "1-0"]
[WhiteElo "2268"]
[BlackElo "1850"]
[PlyCount "35"]
[EventDate "2002.07.13"]
[EventType "swiss"]
[EventRounds "9"]
[EventCountry "CAN"]

1. d4 Nf6 2. Nf3 e6 3. c4 Bb4+ 4. Bd2 Qe7 5. Qc2 b6 6. e4 Bb7 7. Bd3 d5 8. cxd5
exd5 9. e5 Bxd2+ 10. Nbxd2 h6 11. O-O Nh5 12. e6 O-O 13. exf7+ Kh8 14. Rfe1 Qd6
15. Ne5 Nf4 16. g3 Nh3+ 17. Kg2 Ng5 18. Ng6+ 1-0

[Event "CAN/QC op"]
[Site "Montreal CAN"]
[Date "2002.07.15"]
[Round "4"]
[White "Chokshi, Manthan"]
[Black "Zafirov, Stephane"]
[Result "1-0"]
[WhiteElo "2231"]
[BlackElo "1925"]
[PlyCount "59"]
[EventDate "2002.07.13"]
[EventType "swiss"]
[EventRounds "9"]
[EventCountry "CAN"]

1. e4 e5 2. f4 d5 3. exd5 e4 4. Nc3 Nf6 5. Bc4 Bc5 6. Nge2 O-O 7. d4 exd3 8.
Qxd3 Re8 9. h3 a6 10. Bd2 b5 11. Bb3 Bb7 12. O-O-O Qd6 13. Ng3 Nbd7 14. Nf5 Qb6
15. g4 a5 16. g5 Ne4 17. Nxe4 a4 18. Nxc5 Nxc5 19. Qc3 Qg6 20. Nh6+ Kh8 21. f5
axb3 22. cxb3 Qb6 23. Nxf7+ Kg8 24. Nh6+ Kf8 25. g6 b4 26. gxh7 bxc3 27. h8=Q+
Ke7 28. Rhe1+ Ne6 29. Rxe6+ Qxe6 30. Qxg7+ 1-0

[Event "CAN/QC op"]
[Site "Montreal CAN"]
[Date "2002.07.15"]
[Round "4"]
[White "Chow, Vincent"]
[Black "Benen, Samson"]
[Result "1-0"]
[WhiteElo "2189"]
[BlackElo "2256"]
[PlyCount "59"]
[EventDate "2002.07.13"]
[EventType "swiss"]
[EventRounds "9"]
[EventCountry "CAN"]

1. d4 Nf6 2. c4 Nc6 3. Nf3 e6 4. Nc3 Bb4 5. Qc2 d6 6. a3 Bxc3+ 7. Qxc3 Qe7 8.
b4 e5 9. dxe5 Nxe5 10. Nxe5 Qxe5 11. Qxe5+ dxe5 12. Bb2 Nd7 13. e3 f6 14. c5
Ke7 15. Bd3 Nf8 16. Ke2 Bd7 17. f4 Bg4+ 18. Kd2 exf4 19. exf4 Rd8 20. Rhe1+ Kf7
21. Kc2 Be6 22. Re3 g6 23. Rae1 Rd7 24. g4 Bd5 25. g5 Ne6 26. Bxf6 Rg8 27. f5
gxf5 28. Bxf5 Re8 29. h4 h6 30. Bg4 1-0

[Event "CAN/QC op"]
[Site "Montreal CAN"]
[Date "2002.07.15"]
[Round "4"]
[White "Cuartas, Carlos"]
[Black "Trinh, Tri Bao"]
[Result "1-0"]
[WhiteElo "2343"]
[BlackElo "1960"]
[PlyCount "67"]
[EventDate "2002.07.13"]
[EventType "swiss"]
[EventRounds "9"]
[EventCountry "CAN"]

1. e4 d6 2. d4 Nf6 3. Nc3 g6 4. f4 Bg7 5. Nf3 c5 6. dxc5 Qa5 7. Bd3 Qxc5 8. Qe2
Bg4 9. Be3 Qa5 10. O-O Nc6 11. h3 Bxf3 12. Qxf3 O-O 13. Kh1 e6 14. a3 Nd7 15.
Nb5 e5 16. f5 d5 17. exd5 e4 18. Bxe4 Nce5 19. Qe2 Nf6 20. Nc3 Nxe4 21. Nxe4
Qxd5 22. Bg5 Nc6 23. Nf6+ Bxf6 24. Bxf6 Rae8 25. Qf2 Qd6 26. Qh4 Re2 27. Rad1
Rd2 28. fxg6 fxg6 29. Qc4+ Rf7 30. Qxf7+ Kxf7 31. Be5+ Ke6 32. Bxd6 Rxd6 33.
Rxd6+ Kxd6 34. Rf7 1-0

[Event "CAN/QC op"]
[Site "Montreal CAN"]
[Date "2002.07.15"]
[Round "4"]
[White "Demmery, Steve"]
[Black "Hua, Lefong"]
[Result "0-1"]
[WhiteElo "2131"]
[BlackElo "2307"]
[PlyCount "96"]
[EventDate "2002.07.13"]
[EventType "swiss"]
[EventRounds "9"]
[EventCountry "CAN"]

1. d4 Nf6 2. c4 c5 3. d5 e6 4. Nc3 exd5 5. cxd5 Bd6 6. g3 O-O 7. Bg2 Re8 8. Nf3
Bc7 9. O-O d6 10. Bf4 a6 11. a4 Nbd7 12. Nd2 Nf8 13. Nc4 b6 14. e4 Rb8 15. Re1
b5 16. axb5 axb5 17. Nxd6 Bxd6 18. e5 b4 19. Na4 g5 20. Bxg5 Rxe5 21. Rxe5 Bxe5
22. Nxc5 Qb6 23. Nd3 Bd4 24. Bf4 Bg4 25. Qb3 Re8 26. Qxb4 Bxf2+ 27. Kh1 Be2 28.
Qxb6 Bxb6 29. Ne5 Bd4 30. Nc6 Bxb2 31. Ra7 Ng6 32. d6 Nxf4 33. gxf4 Bg4 34.
Ne7+ Kf8 35. f5 Rd8 36. h3 Bh5 37. Ra8 Rxa8 38. Bxa8 Ke8 39. Bc6+ Kd8 40. Kg2
Ba3 41. Ba4 Bxd6 42. Nc6+ Kc7 43. Nd4 Be5 44. Nf3 Bf4 45. Ne1 Kd6 46. Nd3 Bg5
47. Bb3 Nd5 48. Kg3 Ne3 0-1

[Event "CAN/QC op"]
[Site "Montreal CAN"]
[Date "2002.07.15"]
[Round "4"]
[White "Fillion, Steve"]
[Black "Vaillancourt, Luc"]
[Result "1-0"]
[WhiteElo "2122"]
[BlackElo "1897"]
[PlyCount "41"]
[EventDate "2002.07.13"]
[EventType "swiss"]
[EventRounds "9"]
[EventCountry "CAN"]

1. d4 Nf6 2. Nf3 g6 3. Nc3 Bg7 4. e4 d6 5. Bg5 Nbd7 6. Qd2 c6 7. h3 Qc7 8.
O-O-O O-O 9. Bh6 b5 10. Bxg7 Kxg7 11. Bd3 Nb6 12. e5 Nfd5 13. Nxd5 Nxd5 14. g4
a5 15. c3 b4 16. c4 Nb6 17. Kb1 d5 18. c5 Nc4 19. Qf4 a4 20. h4 f5 21. exf6+
1-0

[Event "CAN/QC op"]
[Site "Montreal CAN"]
[Date "2002.07.15"]
[Round "4"]
[White "Gauthier, Denis"]
[Black "Masse, Hugues"]
[Result "0-1"]
[WhiteElo "1883"]
[BlackElo "2105"]
[PlyCount "80"]
[EventDate "2002.07.13"]
[EventType "swiss"]
[EventRounds "9"]
[EventCountry "CAN"]

1. d4 Nf6 2. c4 g6 3. Nc3 d5 4. cxd5 Nxd5 5. e4 Nxc3 6. bxc3 Bg7 7. Bc4 c5 8.
Ne2 O-O 9. O-O Nc6 10. Be3 Qc7 11. Rc1 Rd8 12. Qe1 e6 13. f4 Na5 14. Bd3 f5 15.
Qf2 c4 16. Bc2 Nc6 17. Rb1 b6 18. h4 Ne7 19. h5 Bb7 20. hxg6 hxg6 21. Ng3 Qd7
22. Bd2 Rf8 23. Qe2 b5 24. Rb2 Bxd4+ 25. cxd4 Qxd4+ 26. Qe3 Qxb2 27. Bc3 Qxc2
28. Qd4 Kf7 29. Qg7+ Ke8 30. Bb4 Rf7 31. Qh8+ Kd7 32. Qd4+ Nd5 33. Rd1 Rc8 34.
a3 Rc7 35. exd5 Bxd5 36. Rd2 Qb1+ 37. Rd1 Qb3 38. Re1 Qd3 39. Qe5 Qxg3 40. Re3
Qxg2# 0-1

[Event "CAN/QC op"]
[Site "Montreal CAN"]
[Date "2002.07.15"]
[Round "4"]
[White "Gilman, Arkadiy"]
[Black "Vallieres, Mario"]
[Result "1/2-1/2"]
[WhiteElo "1977"]
[BlackElo "2024"]
[PlyCount "50"]
[EventDate "2002.07.13"]
[EventType "swiss"]
[EventRounds "9"]
[EventCountry "CAN"]

1. d4 f5 2. g3 Nf6 3. Bg2 e6 4. Nf3 Be7 5. O-O O-O 6. c4 d6 7. Nc3 a5 8. Re1
Ne4 9. Qc2 Nc6 10. a3 Nxc3 11. Qxc3 Bf6 12. Qd3 e5 13. dxe5 dxe5 14. Qxd8 Rxd8
15. Bg5 Be6 16. Bxf6 gxf6 17. Bh3 Bxc4 18. Bxf5 Nd4 19. Nxd4 Rxd4 20. Rac1 b5
21. b3 Bxb3 22. Rxc7 h6 23. Rb7 Bc4 24. Rb6 Kg7 25. Rb7+ Kg8 1/2-1/2

[Event "CAN/QC op"]
[Site "Montreal CAN"]
[Date "2002.07.15"]
[Round "4"]
[White "Ibrahim, Anthony"]
[Black "Davies, Lucas"]
[Result "1-0"]
[WhiteElo "2183"]
[BlackElo "1944"]
[PlyCount "67"]
[EventDate "2002.07.13"]
[EventType "swiss"]
[EventRounds "9"]
[EventCountry "CAN"]

1. e4 c6 2. Nf3 d5 3. Nc3 Bg4 4. h3 Bh5 5. exd5 cxd5 6. Bb5+ Nc6 7. d4 e6 8.
O-O Rc8 9. Re1 Be7 10. Bf4 Nf6 11. Qd3 Bg6 12. Qd2 O-O 13. Bd3 Bxd3 14. Qxd3
Nb4 15. Qd1 Ne4 16. Bd2 Nxc3 17. Bxc3 Nc6 18. Qd2 b5 19. a3 a5 20. Ne5 b4 21.
axb4 axb4 22. Nxc6 Rxc6 23. Bxb4 Bxb4 24. Qxb4 Rxc2 25. Rec1 Rxc1+ 26. Rxc1 Qb8
27. Qc3 g6 28. b4 Qb5 29. Qc5 Rb8 30. Qd6 Kg7 31. Qe5+ Kg8 32. Qe1 Qxb4 33.
Rc8+ Kg7 34. Qe5+ 1-0

[Event "CAN/QC op"]
[Site "Montreal CAN"]
[Date "2002.07.15"]
[Round "4"]
[White "Legky, Nikolay"]
[Black "Laptos, Kris"]
[Result "1/2-1/2"]
[WhiteElo "2465"]
[BlackElo "2220"]
[PlyCount "87"]
[EventDate "2002.07.13"]
[EventType "swiss"]
[EventRounds "9"]
[EventCountry "CAN"]

1. d4 d6 2. Nf3 Nf6 3. c4 Bf5 4. Nc3 c6 5. g3 g6 6. Bg2 Bg7 7. O-O Qc8 8. b3
Ne4 9. Bb2 Nxc3 10. Bxc3 Be4 11. Rc1 Nd7 12. Qd2 Nf6 13. d5 cxd5 14. cxd5 Qd7
15. Rfd1 O-O 16. Qe3 Nxd5 17. Rxd5 Bxd5 18. Bxg7 Bxf3 19. Bxf8 Bxg2 20. Bxe7
Bc6 21. Bf6 Qh3 22. f3 Re8 23. Qd2 Qe6 24. Bd4 Qxe2 25. Qh6 f6 26. Bxf6 Qe3+
27. Qxe3 Rxe3 28. Bd4 Re2 29. a4 a6 30. Rc3 Kf7 31. Rd3 Ke6 32. g4 h5 33. gxh5
gxh5 34. Re3+ Rxe3 35. Bxe3 Bxf3 36. a5 Kd5 37. Kf2 Bd1 38. b4 Kc4 39. Bd2 Kd3
40. Ke1 Bg4 41. h4 d5 42. Bg5 d4 43. Bd2 Kc4 44. Kf2 1/2-1/2

[Event "CAN/QC op"]
[Site "Montreal CAN"]
[Date "2002.07.15"]
[Round "4"]
[White "Lipnowski, Michael"]
[Black "Caceres Cortes, Julio"]
[Result "1/2-1/2"]
[WhiteElo "1856"]
[BlackElo "2090"]
[PlyCount "48"]
[EventDate "2002.07.13"]
[EventType "swiss"]
[EventRounds "9"]
[EventCountry "CAN"]

1. d4 Nf6 2. c4 e6 3. Nf3 d5 4. cxd5 exd5 5. Nc3 Be7 6. Bg5 O-O 7. e3 c6 8. Bd3
Nbd7 9. O-O Re8 10. Qc2 Nf8 11. Rac1 Ng4 12. Bxe7 Qxe7 13. a3 Ng6 14. h3 Nf6
15. b4 a6 16. Qb3 Ne4 17. a4 Nh4 18. Nxh4 Qxh4 19. Nxe4 dxe4 20. Bc4 Bxh3 21.
gxh3 Qxh3 22. Bxf7+ Kh8 23. Bxe8 Qg4+ 24. Kh2 Qh4+ 1/2-1/2

[Event "CAN/QC op"]
[Site "Montreal CAN"]
[Date "2002.07.15"]
[Round "4"]
[White "MacLeod, Steven"]
[Black "Burnett, Ronald"]
[Result "0-1"]
[WhiteElo "2070"]
[BlackElo "2404"]
[PlyCount "74"]
[EventDate "2002.07.13"]
[EventType "swiss"]
[EventRounds "9"]
[EventCountry "CAN"]

1. c4 g6 2. g3 Bg7 3. Bg2 e5 4. Nc3 Ne7 5. e4 Nec6 6. Nge2 Nd4 7. Nxd4 exd4 8.
Ne2 a6 9. d3 c5 10. O-O O-O 11. Rb1 Nc6 12. Nf4 b5 13. b3 Rb8 14. Bd2 d6 15.
Nd5 f5 16. Qc2 fxe4 17. Bxe4 Bf5 18. Rbe1 Bh3 19. Bg2 Bxg2 20. Kxg2 Rb7 21. Re4
Rbf7 22. Nf4 Qa8 23. Nd5 Qb7 24. f4 Ne7 25. Nxe7+ Rxe7 26. Rfe1 bxc4 27. bxc4
Rxe4 28. Rxe4 d5 29. cxd5 Qxd5 30. Qa4 Rc8 31. Qxa6 Ra8 32. Qc4 Qxc4 33. dxc4
Rxa2 34. Re2 d3 35. Rf2 Bd4 36. Be3 Rxf2+ 37. Kxf2 d2 0-1

[Event "CAN/QC op"]
[Site "Montreal CAN"]
[Date "2002.07.15"]
[Round "4"]
[White "Morin, Louis"]
[Black "Gottlieb, Jonathan"]
[Result "1-0"]
[WhiteElo "1864"]
[BlackElo "2165"]
[PlyCount "67"]
[EventDate "2002.07.13"]
[EventType "swiss"]
[EventRounds "9"]
[EventCountry "CAN"]

1. e4 c5 2. d4 cxd4 3. c3 dxc3 4. Nxc3 Nc6 5. Nf3 d6 6. Bc4 e6 7. O-O Nf6 8.
Qe2 Be7 9. Rd1 Qc7 10. Bf4 e5 11. Nd5 Nxd5 12. exd5 exf4 13. dxc6 bxc6 14. Rac1
Rb8 15. Nd4 Kf8 16. Re1 Rb6 17. Bb5 c5 18. b4 g6 19. Nc6 Bf6 20. bxc5 dxc5 21.
Rxc5 Kg7 22. Rec1 Qd6 23. Nxa7 Bf5 24. Rxf5 gxf5 25. Nc8 Qa3 26. Rc7 Rb8 27.
Qc4 Rf8 28. h3 Qa5 29. Nd6 Qe1+ 30. Kh2 Qe5 31. Nxf7 Qd4 32. Ne5+ Kh8 33. Qxd4
Rxb5 34. Qd7 1-0

[Event "CAN/QC op"]
[Site "Montreal CAN"]
[Date "2002.07.15"]
[Round "4"]
[White "Nguyen, Kim"]
[Black "Bergeron, Pascal"]
[Result "0-1"]
[WhiteElo "1988"]
[BlackElo "2129"]
[PlyCount "158"]
[EventDate "2002.07.13"]
[EventType "swiss"]
[EventRounds "9"]
[EventCountry "CAN"]

1. e4 e5 2. Nf3 Nf6 3. Nxe5 d6 4. Nf3 Nxe4 5. Qe2 Qe7 6. d3 Nf6 7. Bg5 Qxe2+ 8.
Bxe2 Be7 9. Nc3 c6 10. O-O-O O-O 11. Nd4 Na6 12. Rde1 Re8 13. Bd1 Bd7 14. f4
Nc7 15. Rhf1 h6 16. Bh4 Ncd5 17. Ne4 c5 18. Nxf6+ Bxf6 19. Bxf6 Nxf6 20. Nb3
Bc6 21. g3 Kf8 22. Na5 Bg2 23. Rxe8+ Rxe8 24. Rg1 Bc6 25. Nxc6 bxc6 26. c3 Nd5
27. Rh1 Nf6 28. Kd2 Rb8 29. Kc1 Ke7 30. Bf3 d5 31. Re1+ Kd6 32. Kc2 Nd7 33. Bh5
Rf8 34. Re2 Nf6 35. Bf3 Rb8 36. Re1 Nd7 37. Re2 Nf6 38. h3 Nd7 39. Re1 Nf6 40.
Re2 Nd7 41. h4 Nf6 42. h5 Nd7 43. Kd1 Nf8 44. Ke1 Ne6 45. Kf2 Rd8 46. Bg2 Rb8
47. Kf3 Rd8 48. g4 Re8 49. Re1 g5 50. hxg6 fxg6 51. g5 h5 52. Re2 Re7 53. Kg3
Ng7 54. Rxe7 Kxe7 55. Kf3 Kd6 56. Bf1 Kc7 57. Bh3 a6 58. f5 gxf5 59. Kf4 Kd6
60. Bxf5 Nxf5 61. Kxf5 Ke7 62. d4 cxd4 63. cxd4 a5 64. g6 h4 65. Kg4 Kf6 66.
Kxh4 Kxg6 67. Kg4 Kf6 68. Kf4 Ke6 69. b3 Kd6 70. a3 c5 71. Ke3 c4 72. bxc4 dxc4
73. Kd2 Kd5 74. Kc3 a4 75. Kc2 Kxd4 76. Kd2 c3+ 77. Kc1 Kc5 78. Kb1 Kd5 79. Kc1
Kd4 0-1

[Event "CAN/QC op"]
[Site "Montreal CAN"]
[Date "2002.07.15"]
[Round "4"]
[White "Predescu, Sebastian"]
[Black "Linskiy, Oleg"]
[Result "1/2-1/2"]
[WhiteElo "2056"]
[BlackElo "2473"]
[PlyCount "61"]
[EventDate "2002.07.13"]
[EventType "swiss"]
[EventRounds "9"]
[EventCountry "CAN"]

1. e4 Nf6 2. e5 Nd5 3. d4 d6 4. c4 Nb6 5. exd6 exd6 6. Nc3 Be7 7. Be3 Nc6 8.
Rc1 O-O 9. Be2 Re8 10. Qd2 Bf6 11. b3 Bf5 12. Nf3 d5 13. O-O dxc4 14. bxc4 Bg4
15. Ne1 Bxe2 16. Nxe2 Qe7 17. Nf3 Rad8 18. Rfd1 Qa3 19. Ng3 Na5 20. Qe2 Qa4 21.
Nh5 Naxc4 22. Nxf6+ gxf6 23. Nh4 Qb5 24. Qg4+ Kh8 25. Nf5 Rg8 26. Qh3 Qd5 27.
Ne7 Qe6 28. Qxe6 fxe6 29. Nxg8 Rxg8 30. Bf4 c6 31. Bc7 1/2-1/2

[Event "CAN/QC op"]
[Site "Montreal CAN"]
[Date "2002.07.15"]
[Round "4"]
[White "Roy, Guy"]
[Black "Ouellet-Leveille, Clement"]
[Result "1-0"]
[WhiteElo "2138"]
[BlackElo "1812"]
[PlyCount "77"]
[EventDate "2002.07.13"]
[EventType "swiss"]
[EventRounds "9"]
[EventCountry "CAN"]

1. e4 e5 2. Nf3 Nf6 3. Nc3 Nc6 4. Bc4 Nxe4 5. Nxe4 d5 6. Bd3 dxe4 7. Bxe4 Bd6
8. O-O O-O 9. Bxc6 bxc6 10. d3 Bg4 11. h3 Bh5 12. g4 Bg6 13. Re1 Re8 14. Bg5 f6
15. Bh4 Rb8 16. Rb1 Bf7 17. b3 c5 18. Re3 Qd7 19. Nd2 Bd5 20. Ne4 Qc6 21. c4
Bf7 22. Qf3 Qa6 23. Rb2 Bg6 24. Rbe2 Be7 25. Bg3 Rbd8 26. h4 Qc8 27. h5 Bxe4
28. Rxe4 h6 29. Qe3 Rd4 30. Rxd4 cxd4 31. Qe4 Qa8 32. Qf5 Qc6 33. Re4 Bd6 34.
Qg6 Kf8 35. g5 fxg5 36. Bxe5 Re7 37. Bxd4 Rxe4 38. Bxg7+ Ke7 39. dxe4 1-0

[Event "CAN/QC op"]
[Site "Montreal CAN"]
[Date "2002.07.15"]
[Round "4"]
[White "Singher, Jean-Pierre"]
[Black "Mayo, Alvah"]
[Result "0-1"]
[WhiteElo "1948"]
[BlackElo "2119"]
[PlyCount "144"]
[EventDate "2002.07.13"]
[EventType "swiss"]
[EventRounds "9"]
[EventCountry "CAN"]

1. d4 g6 2. c4 Bg7 3. Nc3 c5 4. Nf3 cxd4 5. Nxd4 Nc6 6. e3 Nf6 7. Be2 O-O 8.
O-O d6 9. b3 Qc7 10. Bb2 a6 11. Rc1 Qa5 12. Bf3 Bd7 13. a3 Rfb8 14. b4 Qd8 15.
Qd2 Ne5 16. Nd5 Nxf3+ 17. Nxf3 Nxd5 18. cxd5 Bxb2 19. Qxb2 Ba4 20. Qd4 Rc8 21.
h3 Bb5 22. Rfe1 Rxc1 23. Rxc1 Rc8 24. Rc3 Qd7 25. e4 Rc7 26. Qe3 Qc8 27. Rxc7
Qxc7 28. Qh6 Qc3 29. Ng5 Qg7 30. Qxg7+ Kxg7 31. Nf3 Bd3 32. Nd2 g5 33. f3 Kf6
34. Kf2 Ke5 35. Ke3 Bb5 36. g3 h5 37. f4+ Kf6 38. h4 gxh4 39. gxh4 e5 40. Nb3
b6 41. Nd2 Ke7 42. fxe5 dxe5 43. Nf3 f6 44. Nd2 Kd6 45. Nb1 Bd7 46. Nc3 f5 47.
exf5 Bxf5 48. Na4 b5 49. Nc5 Kxd5 50. Nxa6 Kc4 51. Nc7 Bc2 52. Ne8 Kc3 53. Nc7
Ba4 54. Ke4 Kb3 55. Kxe5 Kxa3 56. Nd5 Bb3 57. Nf4 Bd1 58. Nd3 Be2 59. Nf4 Bd1
60. Nd3 Bc2 61. Nf4 Kxb4 62. Nxh5 Kc4 63. Nf4 b4 64. Nd5 b3 65. Nb6+ Kb5 66.
Nd5 b2 67. Kd4 Bh7 68. Nc3+ Kb4 69. Nd5+ Kb3 70. Nc3 Bf5 71. h5 Bh7 72. h6 Bg6
0-1

[Event "CAN/QC op"]
[Site "Montreal CAN"]
[Date "2002.07.15"]
[Round "4"]
[White "Trottier, Yves"]
[Black "Khassanov, Marat"]
[Result "0-1"]
[WhiteElo "1949"]
[BlackElo "2375"]
[PlyCount "60"]
[EventDate "2002.07.13"]
[EventType "swiss"]
[EventRounds "9"]
[EventCountry "CAN"]

1. e4 e5 2. Nf3 Nc6 3. d4 exd4 4. Nxd4 Nf6 5. Nc3 Bb4 6. Nxc6 bxc6 7. Bd3 O-O
8. O-O d5 9. exd5 cxd5 10. Bg5 c6 11. Qf3 Be7 12. h3 Be6 13. Rae1 Rb8 14. Nd1
c5 15. Re5 Rb6 16. Rfe1 g6 17. c3 Nd7 18. Bxe7 Qxe7 19. R5e2 Qd6 20. Bb1 Rfb8
21. Qe3 d4 22. cxd4 cxd4 23. Qh6 Rb5 24. Rxe6 fxe6 25. Bxg6 hxg6 26. Qxg6+ Kf8
27. Rxe6 Qf4 28. g3 Qf5 29. Qh6+ Kf7 30. Rd6 R5b6 0-1

[Event "CAN/QC op"]
[Site "Montreal CAN"]
[Date "2002.07.15"]
[Round "4"]
[White "Urquhart, Eddie"]
[Black "Kret, Ted"]
[Result "1/2-1/2"]
[WhiteElo "2296"]
[BlackElo "2159"]
[PlyCount "127"]
[EventDate "2002.07.13"]
[EventType "swiss"]
[EventRounds "9"]
[EventCountry "CAN"]

1. e4 g6 2. Nc3 Bg7 3. f4 d6 4. Nf3 e5 5. Bc4 Nd7 6. O-O Ngf6 7. d3 a5 8. fxe5
dxe5 9. a3 c6 10. Kh1 Qb6 11. Qe1 O-O 12. Be3 Qc7 13. Qh4 b5 14. Ba2 b4 15.
axb4 axb4 16. Bxf7+ Rxf7 17. Rxa8 bxc3 18. bxc3 c5 19. Ng5 Rf8 20. Ne6 Qc6 21.
Nxf8 Qxa8 22. Nxd7 Bxd7 23. Rxf6 Qd8 24. Bg5 h6 25. Rxg6 hxg5 26. Rxg5 Qf6 27.
h3 Kf8 28. Qg3 Bh6 29. Rg6 Qf1+ 30. Kh2 Bf4 31. Rf6+ Ke7 32. Rxf4 exf4 33. Qg5+
Kf7 34. Qxc5 Be6 35. Qg5 Qf2 36. c4 Ke8 37. c3 Kd7 38. d4 Bxc4 39. Qg7+ Kc6 40.
d5+ Kb6 41. Qd4+ Qxd4 42. cxd4 Bd3 43. e5 Bc4 44. d6 Kc6 45. Kg1 Kd7 46. h4 Be2
47. Kf2 Bh5 48. Ke1 Bg6 49. Ke2 Bh5+ 50. Kf2 Ke6 51. Ke1 Bg6 52. Ke2 Bh5+ 53.
Kd2 Bg6 54. d5+ Kd7 55. h5 Bxh5 56. Kd3 Bg6+ 57. Kd4 Bf5 58. Kc5 Be4 59. e6+
Kd8 60. d7 Kc7 61. d6+ Kd8 62. Kd4 Bxg2 63. Kd3 Bf3 64. Kd4 1/2-1/2

[Event "CAN/QC op"]
[Site "Montreal CAN"]
[Date "2002.07.15"]
[Round "4.100"]
[White "Jones, Chris"]
[Black "Strojevs, Alexander"]
[Result "1/2-1/2"]
[WhiteElo "1545"]
[BlackElo "1815"]
[PlyCount "86"]
[EventDate "2002.07.13"]
[EventType "swiss"]
[EventRounds "9"]
[EventCountry "CAN"]

1. Nf3 Nf6 2. g3 g6 3. Bg2 Bg7 4. d3 d5 5. Nbd2 Nbd7 6. c3 c6 7. O-O e5 8. Qc2
O-O 9. e4 Re8 10. Re1 Qc7 11. a4 b6 12. b3 Bb7 13. Ba3 Rac8 14. Rac1 Bf8 15.
Bxf8 Kxf8 16. Bh3 Rcd8 17. Rcd1 Kg7 18. Bg2 Ba6 19. b4 Nf8 20. Nb3 Ng8 21. a5
Nf6 22. axb6 axb6 23. Ra1 Bxd3 24. Qxd3 dxe4 25. Qc2 exf3 26. Bxf3 Nd5 27. Ra4
Ra8 28. Rxa8 Rxa8 29. b5 Ne7 30. Bxc6 Nxc6 31. bxc6 f6 32. Qe4 Rc8 33. Ra1 Qxc6
34. Ra7+ Kg8 35. Qb4 Rc7 36. Rxc7 Qxc7 37. Nd2 Qc5 38. Qb3+ Kg7 39. Ne4 Qc6 40.
Qb4 Nd7 41. Qe7+ Kh6 42. f3 f5 43. Qg5+ Kg7 1/2-1/2

[Event "CAN/QC op"]
[Site "Montreal CAN"]
[Date "2002.07.16"]
[Round "5"]
[White "Arsenault, Nicolas"]
[Black "Patterson, Roger"]
[Result "0-1"]
[WhiteElo "1982"]
[BlackElo "2246"]
[PlyCount "80"]
[EventDate "2002.07.13"]
[EventType "swiss"]
[EventRounds "9"]
[EventCountry "CAN"]

1. d4 Nf6 2. c4 e6 3. Nc3 Bb4 4. e3 O-O 5. Bd3 d5 6. Nf3 b6 7. O-O Bb7 8. a3
Be7 9. cxd5 exd5 10. Qc2 c5 11. b3 Na6 12. Bb2 Nc7 13. Rad1 Ne6 14. dxc5 bxc5
15. Ne2 g6 16. Ng3 Qb6 17. h4 Rac8 18. h5 c4 19. bxc4 dxc4 20. Be2 c3 21. Bc1
Bd5 22. Rxd5 Nxd5 23. Rd1 Rfd8 24. hxg6 hxg6 25. Ne5 Kg7 26. Nc4 Qc7 27. Ne4 f5
28. Nxc3 Nxc3 29. Qxc3+ Bf6 30. Qb3 Nc5 31. Qc2 Rxd1+ 32. Qxd1 Ne4 33. Bb2 Bxb2
34. Nxb2 Qc1 35. Nd3 Qxd1+ 36. Bxd1 Rc3 37. Be2 Rxa3 38. f3 Ng3 39. Kf2 Nxe2
40. Kxe2 Ra2+ 0-1

[Event "CAN/QC op"]
[Site "Montreal CAN"]
[Date "2002.07.16"]
[Round "5"]
[White "Bannon, Eric"]
[Black "Dubuc, Gabriel"]
[Result "1/2-1/2"]
[WhiteElo "2212"]
[BlackElo "1922"]
[PlyCount "52"]
[EventDate "2002.07.13"]
[EventType "swiss"]
[EventRounds "9"]
[EventCountry "CAN"]

1. e4 e5 2. Nf3 Nf6 3. Nc3 Nc6 4. d4 Bb4 5. d5 Nxe4 6. dxc6 Nxc3 7. bxc3 Bxc3+
8. Bd2 Bxa1 9. cxd7+ Bxd7 10. Qxa1 O-O 11. Bc4 b5 12. Bb3 c5 13. Bd5 Rc8 14.
Bg5 Qa5+ 15. Bd2 Qd8 16. c4 bxc4 17. Bxc4 Be6 18. Bxe6 fxe6 19. Qxe5 Qd3 20.
Qc3 Qb1+ 21. Bc1 Qe4+ 22. Be3 Qb1+ 23. Qc1 Qd3 24. Qd2 Qb1+ 25. Qc1 Qd3 26. Qd2
Qb1+ 1/2-1/2

[Event "CAN/QC op"]
[Site "Montreal CAN"]
[Date "2002.07.16"]
[Round "5"]
[White "Bergeron, Pascal"]
[Black "Cuartas, Carlos"]
[Result "1/2-1/2"]
[WhiteElo "2129"]
[BlackElo "2343"]
[PlyCount "67"]
[EventDate "2002.07.13"]
[EventType "swiss"]
[EventRounds "9"]
[EventCountry "CAN"]

1. e4 e6 2. d4 d5 3. e5 c5 4. c3 Nc6 5. Nf3 Bd7 6. Bd3 Qb6 7. O-O cxd4 8. cxd4
Nxd4 9. Nxd4 Qxd4 10. Nc3 a6 11. Qe2 Bc5 12. Kh1 Ne7 13. f4 O-O 14. Bd2 Nf5 15.
Rf3 h5 16. Rh3 Qf2 17. Qxh5 Nh6 18. Rg3 f5 19. exf6 Rxf6 20. Qg5 Bf8 21. Qxf6
Qxd2 22. Rd1 Qf2 23. Qg6 Rc8 24. Rh3 Nf5 25. Nxd5 Qxb2 26. Bxf5 exf5 27. Rhd3
Rc6 28. Qg5 Qe2 29. Ne3 Be6 30. h3 Rc1 31. Rxc1 Qxd3 32. Re1 Bb4 33. Qh5 Bxe1
34. Qe8+ 1/2-1/2